[Event "Beijing op"]
[Site "Beijing"]
[Date "1993.??.??"]
[Round "11"]
[White "Miles, Anthony J"]
[Black "Lin Ta"]
[Result "1-0"]
[WhiteElo "2565"]
[BlackElo "2410"]

1.d4 d5 2.Nf3 Nf6 3.c4 dxc4 4.e3 e6 5.Bxc4 c5 6.O-O a6 7.Nbd2 cxd4 8.Nxd4 Be7
9.b3 O-O 10.Bb2 Bd7 11.Rc1 Nc6 12.N4f3 Rc8 13.Qe2 Qa5 14.Bd3 Nb4 15.Nc4 Qh5
16.Bb1 Nbd5 17.Rfd1 Rfd8 18.Qf1 Bb5 19.a4 Be8 20.Rd4 Nd7 21.g4 Qh6 22.Qg2 f6
23.Rdd1 Nc5 24.Nd4 Bf7 25.Qf3 g6 26.e4 Nf4 27.Nb6 Rb8 28.b4 e5 29.bxc5 exd4
30.Bd3 Be6 31.Bc4 Bxc4 32.Rxc4 d3 33.Nd5 Nxd5 34.exd5 b5 35.axb5 Rxb5 36.Bd4  1-0

[Event "Sommerskak"]
[Site "Copenhagen"]
[Date "1993.??.??"]
[Round "1"]
[White "Kjeldsen, Jens"]
[Black "Miles, Anthony J"]
[Result "1/2-1/2"]
[WhiteElo "2380"]
[BlackElo "2565"]

1.d4 Nf6 2.c4 g6 3.Nc3 Bg7 4.e4 d6 5.f3 O-O 6.Be3 c5 7.Nge2 Nc6 8.Qd2 e6
9.O-O-O b6 10.Kb1 Bb7 11.d5 Ne5 12.Ng3 exd5 13.cxd5 a6 14.Bh6 b5 15.h4 b4
16.Nce2 Bxh6 17.Qxh6 Kh8 18.Qc1 Rg8 19.Nf4 Bc8 20.Nd3 Nxd3 21.Bxd3 Ra7 22.h5 g5
23.e5 Nxd5 24.Be4 Nf4 25.Rxd6 Qa5 26.Rh6 Rg7 27.Rd1 Rd7 28.b3 c4 29.Rxd7 Bxd7
30.Qxc4 Be6 31.Qd4 Qc7 32.Qxb4 Qc8 33.Qd2 Kg8 34.Qc2 Qxc2+ 35.Bxc2 g4 36.Ne4 gxf3
37.Nf6+ Kf8 38.gxf3 Rg1+ 39.Kb2 Rg2 40.Rxh7 Nd3+ 41.Kc3 Nxe5 42.Rh8+ Ke7
43.Ng8+ Kd6 44.f4 Rg3+ 45.Kb2 Ng4 46.Nh6 Ne3 47.Be4 f5 48.Bb1 Rg2+ 49.Ka3 Rh2
50.Rh7 a5 51.Nf7+ Bxf7 52.Rxf7 Rxh5 53.Rf6+ Ke7 54.Ra6 Rh3 55.Ka4 Rf3 56.Kxa5 Rxf4
57.Rc6 Rd4 58.b4 Nc4+ 59.Rxc4 Rxc4 60.Bxf5 Rf4 61.Bc2  1/2-1/2

[Event "Sommerskak"]
[Site "Copenhagen"]
[Date "1993.??.??"]
[Round "2"]
[White "Miles, Anthony J"]
[Black "Jelling, Erik"]
[Result "1/2-1/2"]
[WhiteElo "2565"]
[BlackElo "2395"]

1.d4 d5 2.c4 c6 3.Bf4 dxc4 4.e3 b5 5.a4 e6 6.Nc3 Bb4 7.axb5 cxb5 8.Qf3 Qd5
9.Qg3 Qf5 10.Qxg7 Qc2 11.Ne2 Qxb2 12.Rc1 Nd7 13.Qxh8 Nf6 14.e4 Bb7 15.e5 O-O-O
16.exf6 Be4 17.Bd2 Bg6 18.Qg7 e5 19.g3 exd4 20.Bh3+ Kb7 21.Bg2+ Kb6 22.Qxg8 Qxd2+
23.Kxd2 dxc3+ 24.Ke3 Rxg8 25.Nxc3 Bxc3 26.Rxc3 Re8+ 27.Kd2 a5 28.Re1 Rd8+
29.Kc1 Kc5 30.Rd1 Rxd1+ 31.Kxd1 b4 32.Re3 b3 33.Be4 a4 34.Bxg6 hxg6 35.Re7 a3
36.Kc1 Kb4 37.Rxf7 c3 38.Kb1 c2+ 39.Kc1 Kc3 40.Rc7+ Kd3 41.Rd7+ Kc3  1/2-1/2

[Event "Sommerskak"]
[Site "Copenhagen"]
[Date "1993.??.??"]
[Round "3"]
[White "Rasmussen, Karsten"]
[Black "Miles, Anthony J"]
[Result "1/2-1/2"]
[WhiteElo "2440"]
[BlackElo "2565"]

1.e4 Nf6 2.e5 Nd5 3.d4 d6 4.Nf3 g6 5.Bc4 c6 6.O-O Bg7 7.Re1 O-O 8.exd6 Qxd6
9.Bg5 Re8 10.Nbd2 Bg4 11.h3 Bxf3 12.Nxf3 Nd7 13.Qd2 e6 14.Rad1 a5 15.Bf1 b5
16.c4 bxc4 17.Rc1 N5b6 18.Bxc4 Rec8 19.Bh6 a4 20.Bxg7 Kxg7 21.Ng5 Nf6 22.Nxf7 Kxf7
23.Bxe6+ Kg7 24.Bxc8 Rxc8 25.Re5 c5 26.Rce1 Rc7 27.Re6 Nc4 28.Rxd6 Nxd2 29.dxc5 Nc4
30.Ra6 Nxb2 31.c6 Nd3 32.Rb1 Nc5 33.Ra5 Rxc6 34.Rc1 Nfd7 35.Ra7 Ra6 36.Rc7 Kf6
37.R7xc5 Nxc5 38.Rxc5 Rb6 39.Rc3 Rb1+ 40.Kh2 Rb2 41.Ra3 Rxf2 42.Rxa4 Rc2
43.Ra5 h5 44.h4 Rc4 45.g3 Rc2+ 46.Kh3 Rd2 47.a4 Ra2 48.Ra6+ Kg7 49.a5 Kf7  1/2-1/2

[Event "Sommerskak"]
[Site "Copenhagen"]
[Date "1993.??.??"]
[Round "6"]
[White "Smagin, Sergey"]
[Black "Miles, Anthony J"]
[Result "1/2-1/2"]
[WhiteElo "2520"]
[BlackElo "2565"]

1.e4 c5 2.c3 b6 3.d4 Bb7 4.Bd3 Nf6 5.Nd2 cxd4 6.cxd4 Nc6 7.Ne2 g6 8.O-O Bg7
9.a3 O-O 10.Re1 d6 11.Rb1 e6 12.Nf3 e5 13.d5 Ne7 14.Ng3 Kh8 15.Qe2 a6 16.b4 Nfg8
17.Bb2 Bh6 18.Rbd1 Nf6 19.Nd2 Ne8 20.Nc4 f6 21.Nf1 Bc8 22.Bc1 Bxc1 23.Rxc1 Bd7
24.Qe3 Nc8 25.Nfd2 Rb8 26.Rc3 Nc7 27.Nb2 Nb5 28.Bxb5 axb5 29.f4 Rb7 30.Rf1 Ne7
31.Qg3 Ng8 32.Nd1 Rc7 33.Qe3 Qb8 34.Rxc7 Qxc7 35.Nc3 Rc8 36.Rc1 Qa7 37.Ndb1 Rc4
38.h3 Kg7 39.Kh2 Be8 40.Qf2 Qe7 41.fxe5 Qxe5+ 42.Kg1 Bd7 43.Qe3 Ne7 44.Nd2 Rc8
45.Nf3 Qh5 46.Ne2 Qh6 47.Qxh6+ Kxh6 48.Rxc8 Nxc8 49.Nc3 Kg7 50.Nd4 Na7 51.Kf2 h5
52.Kf3 Kf7 53.g4 hxg4+ 54.hxg4 Ke7 55.Kf4 Kf7 56.Kg3 Ke7 57.Kh4 Kf7 58.Kg3 Ke7
59.Kf4 Kf7 60.Nde2 Nc8 61.Kg3 Ke7 62.Ng1 Kf7 63.Nf3 Ke7 64.Kf4 Kf7 65.g5 Ke7
66.Ke3 fxg5 67.Nxg5 Kf6 68.Kf4 Ne7 69.Ne2 Ng8 70.Nd4 Nh6 71.Ndf3 Ng4 72.e5+ dxe5+
73.Nxe5 Nxe5 74.Ne4+ Ke7 75.Kxe5 Bh3 76.Nc3 g5 77.Nxb5 Bd7 78.Nc3 g4 79.Ne4 Ba4
80.d6+ Kf7 81.Ng5+ Ke8 82.Kf4 Kd7 83.Ne4 Bc2 84.Nf6+ Kxd6 85.Nxg4 Kc6 86.Ke3 Bf5
87.Nf6 Kb5 88.Nd5 Ka4 89.Kd4 Kxa3 90.Kc3  1/2-1/2

[Event "Sommerskak"]
[Site "Copenhagen"]
[Date "1993.??.??"]
[Round "7"]
[White "Miles, Anthony J"]
[Black "Mortensen, Erling"]
[Result "1-0"]
[WhiteElo "2565"]
[BlackElo "2445"]

1.d4 Nf6 2.Nf3 g6 3.c3 Bg7 4.Bg5 Ne4 5.Bf4 d5 6.Nbd2 c5 7.e3 Nc6 8.Nxe4 dxe4
9.Nd2 f5 10.Qb3 cxd4 11.cxd4 Na5 12.Qc3 b6 13.b4 Nb7 14.Rc1 Nd6 15.Qb3 Bb7
16.Be2 Rc8 17.O-O Rxc1 18.Rxc1 Qd7 19.Nc4 Nf7 20.Nxb6 axb6 21.Rc7 Bd5 22.Qc2 Qe6
23.Bb5+ Kf8 24.Rc8+ Nd8 25.Rxd8+ Kf7 26.Rxd5  1-0

[Event "Dublin zt"]
[Site "Dublin"]
[Date "1993.??.??"]
[Round "1"]
[White "Miles, Anthony J"]
[Black "Rossiter, Philip J"]
[Result "0-1"]
[WhiteElo "2565"]
[BlackElo "2270"]

1.d4 d5 2.Nf3 c5 3.c4 e6 4.cxd5 exd5 5.g3 Nf6 6.Bg2 Be7 7.O-O O-O 8.dxc5 Bxc5
9.Bg5 Nc6 10.Nc3 d4 11.Bxf6 Qxf6 12.Nd5 Qd8 13.Nd2 a6 14.Rc1 Ba7 15.Qb3 Re8
16.Rfe1 Rb8 17.Nc4 Be6 18.Qf3 Rc8 19.Qh5 Ne7 20.Nxe7+ Qxe7 21.Bd5 Rc5 22.e4 dxe3
23.Nxe3 Rxc1 24.Rxc1 Bxe3 25.fxe3 Bxd5  0-1

[Event "Dublin zt"]
[Site "Dublin"]
[Date "1993.??.??"]
[Round "6"]
[White "Daly, Colm"]
[Black "Miles, Anthony J"]
[Result "0-1"]
[WhiteElo "2275"]
[BlackElo "2565"]

1.c4 b6 2.Nf3 Bb7 3.e3 Nf6 4.b3 e6 5.Bb2 d5 6.cxd5 exd5 7.g3 Nbd7 8.Bg2 Ba6
9.d3 Nc5 10.Bf1 Be7 11.b4 Ncd7 12.Qa4 Qc8 13.Bxf6 Bxf6 14.d4 Bb7 15.Bh3 a5
16.Nc3 axb4 17.Qxb4 Be7 18.Qb3 Ra3 19.Qb2 Qd8 20.O-O O-O 21.Rfc1 Ra6 22.a4 c5
23.a5 cxd4 24.exd4 Nf6 25.Bf1 Ra8 26.a6 Bc8 27.Ne5 Bd6 28.Nc6 Qd7 29.Nb5 Rxa6
30.Nxd6 Rxa1 31.Nxc8 Rxc1 32.N8e7+ Kh8 33.Qxc1 Re8 34.Qa3 Ng8 35.Bb5 Rxe7
36.Nxe7 Qxe7 37.Qa8 Qd6 38.Bc6 g6 39.Bxd5 Kg7 40.Qb7 Ne7 41.Bb3 Qf6 42.Qc7 Nf5
43.d5 Qa1+ 44.Kg2 Qd4 45.Qc4 Qxc4 46.Bxc4 Kf6 47.Kf3 Ke5 48.Ba2 f6 49.Ke2 Kd4
50.Kd2 Nd6 51.f3 g5 52.Bb3 h6 53.Ba2 Nf5 54.Bb3 b5 55.Ba2 b4 56.g4 Nd6 57.Bb3 Nb7
58.Ba2 Ke5 59.Kd3 Na5 60.d6 Kxd6 61.Kd4 b3 62.Bb1 Nc6+ 63.Ke4 Ne7 64.f4 Nd5
65.fxg5 hxg5 66.Kd4 b2 67.Bc2 Nb4 68.Bb1 Nc6+ 69.Ke4 Ne5 70.h3 Nc4 71.Ba2 Na3
72.Kf3 b1=Q 73.Bxb1 Nxb1 74.Kg3 Nd2 75.h4 Ke6 76.h5 Ne4+ 77.Kf3 Nd6 78.Ke3 Nf7
79.Ke4 Nh6 80.Kf3 Ke5 81.Kg3 Ke4  0-1

[Event "Dublin zt"]
[Site "Dublin"]
[Date "1993.??.??"]
[Round "8"]
[White "Kumaran, Dharshan"]
[Black "Miles, Anthony J"]
[Result "1-0"]
[WhiteElo "2385"]
[BlackElo "2565"]

1.d4 Nc6 2.Nf3 d5 3.g3 Bg4 4.Bg2 Qd7 5.c4 e6 6.O-O O-O-O 7.Nc3 dxc4 8.Qa4 Bb4
9.Ne5 Nxe5 10.Qxa7 c6 11.Bf4 Bd6 12.Qa8+ Kc7 13.Nb5+ Kb6 14.Qa7+ Kxb5 15.a4+  1-0

[Event "Heraklio op"]
[Site "Heraklio"]
[Date "1993.??.??"]
[Round "1"]
[White "Trabert, Bettina"]
[Black "Miles, Anthony J"]
[Result "0-1"]
[WhiteElo "2200"]
[BlackElo "2565"]

1.e4 c5 2.c3 b6 3.d4 Bb7 4.Bd3 Nf6 5.Qe2 cxd4 6.cxd4 Nc6 7.Nf3 Nb4 8.Nc3 Nxd3+
9.Qxd3 e6 10.Bg5 h6 11.Bxf6 Qxf6 12.O-O Bb4 13.Nd2 O-O 14.a3 Bxc3 15.Qxc3 Rfc8
16.Qd3 Rc7 17.Rac1 Rac8 18.Rxc7 Rxc7 19.f3 Qf4 20.Rd1 f5 21.e5 Bd5 22.Nf1 Qg5
23.Nd2 Kf7 24.b3 b5 25.b4 Rc6 26.Rb1 a6 27.g3 Qd8 28.Nb3 Bxb3 29.Rxb3 Qc7
30.h4 Rc4 31.Kf2 d5 32.Ke3 Rc2 33.f4 h5 34.Kf3 Ke7 35.Ke3 Qc4 36.Kf3 Kd7
37.Ke3 Kc7 38.Kf3 Kb6 39.Ke3 a5 40.bxa5+ Kxa5 41.Kf3 Qxd3+ 42.Rxd3 Ka4  0-1

[Event "Heraklio op"]
[Site "Heraklio"]
[Date "1993.??.??"]
[Round "3"]
[White "Zysk, Robert"]
[Black "Miles, Anthony J"]
[Result "0-1"]
[WhiteElo "2440"]
[BlackElo "2565"]

1.d4 Nf6 2.Nf3 c5 3.d5 b5 4.Bg5 Bb7 5.Bxf6 exf6 6.a4 a6 7.e3 Qb6 8.axb5 axb5
9.Rxa8 Bxa8 10.Nc3 b4 11.Nb5 Be7 12.Bc4 O-O 13.O-O d6 14.Qd3 Nd7 15.Ra1 Bb7
16.Qf5 Rd8 17.Na7 g6 18.Qe4 Bf8 19.Nc6 f5 20.Qd3 Ra8 21.Rxa8 Bxa8 22.Qb3 Qc7
23.Qa2 Nb6 24.Bb5 Bg7 25.Nd2 Bb7 26.e4 Bh6 27.Nc4 fxe4 28.Nxb6 Qxb6 29.Qc4 Bf8
30.g3 Bc8 31.Kg2 Bf5 32.h3 h5 33.Qe2 Qb7 34.g4 hxg4 35.hxg4 Bc8 36.Bc4 f5
37.gxf5 gxf5 38.Qe3 Qg7+ 39.Qg3 Kf7 40.Nd8+ Kf6 41.Ne6 Qxg3+ 42.Kxg3 Bh6
43.f4 exf3 44.Kxf3 Ke5 45.Nd8 Kf6 46.b3 Bd7 47.Ne6 Be8 48.Kg3 Ke5 49.Nd8 Bh5
50.Kh4 Bg6 51.Kg3 Bf4+ 52.Kf2 Bg5 53.Nc6+ Kf4 54.Be2 Bh4+ 55.Kg2 Bf7 56.Bf3 Ke3
57.Na5 Kd4 58.Nc4 Be7 59.Kg3 Kc3 60.Ne3 Bf8 61.Be2 f4+ 62.Kxf4 Bh6+ 63.Ke4 Bxe3
64.Kxe3 Bg6  0-1

[Event "Heraklio op"]
[Site "Heraklio"]
[Date "1993.??.??"]
[Round "4"]
[White "Miles, Anthony J"]
[Black "Gdanski, Jacek"]
[Result "1-0"]
[WhiteElo "2565"]
[BlackElo "2485"]

1.d4 Nf6 2.Nf3 g6 3.c3 Bg7 4.Bg5 O-O 5.Nbd2 d5 6.e3 Nbd7 7.Be2 Re8 8.O-O e5
9.Nb3 c6 10.Rc1 Qb6 11.Nfd2 Nf8 12.dxe5 Rxe5 13.Bf4 Re8 14.c4 Qd8 15.Bg3 h5
16.h3 Ne6 17.cxd5 cxd5 18.Be5 Bd7 19.Nf3 Qb6 20.Qd2 Ba4 21.Qa5 Bxb3 22.Qxb6 axb6
23.axb3 Nd7 24.Bxg7 Kxg7 25.Rfd1 Nf6 26.Nd4 Nxd4 27.Rxd4 Rec8 28.Rb1 Rc2
29.Bf3 Ra5 30.b4 Rb5 31.b3 Ne4 32.Re1 Rd2 33.Rd1 Rxd1+ 34.Bxd1 Nc3 35.Bf3 Kf6
36.Kf1 Ke5 37.Be2 Nxe2 38.Kxe2 f5 39.f4+ Kd6 40.h4 Kc6 41.Kd2  1-0

[Event "Heraklio op"]
[Site "Heraklio"]
[Date "1993.??.??"]
[Round "6"]
[White "Miles, Anthony J"]
[Black "Sturua, Zurab"]
[Result "0-1"]
[WhiteElo "2565"]
[BlackElo "2540"]

1.d4 Nf6 2.Nf3 e6 3.c4 Bb4+ 4.Bd2 a5 5.Nc3 b6 6.Bg5 h6 7.Bh4 Ba6 8.e3 c6
9.Rc1 O-O 10.Bd3 Be7 11.Bb1 d6 12.Bxf6 Bxf6 13.Qc2 g6 14.h4 Bg7 15.h5 Bxc4
16.hxg6 f5 17.Ne2 Bd5 18.Nf4 Nd7 19.Ke2 Nf6 20.Nxd5 cxd5 21.Qc7 Rc8 22.Qxd8 Rfxd8
23.Bd3 Kf8 24.Ba6 Ra8 25.Bb7 Ra7 26.Bc8 Ke7 27.Rc6 Ng8 28.Rhc1 Kf6 29.Rxb6 Ne7
30.Ba6 Kxg6 31.g3 Kf7 32.a4 Bf6 33.Nd2 e5 34.Nb3 Kg7 35.dxe5 dxe5 36.Nc5 Kg6
37.Ne6 Rh8 38.Bb7 h5 39.Rc7 h4 40.gxh4 Rxh4 41.Nf8+ Kg7 42.Ne6+ Kg6 43.f4 Rh2+
44.Kf3 Bh4 45.Nc5+ Kh5 46.e4 Rf2+ 47.Ke3 fxe4 48.Nxe4 exf4+ 49.Kd4 dxe4 50.Kxe4 Kg4
51.Kd3 Bg5 52.Rc4 Kh4 53.Rb5 Nf5 54.Rcc5 Ng3 55.b4 axb4 56.a5 Re2 57.Rxb4 Re3+
58.Kc2 Ne2 59.Rd5 Ra3 60.a6 R7xa6 61.Bxa6 Rxa6 62.Rb7 Rc6+ 63.Kd3 f3 64.Rb4+ Nf4+
65.Ke3 Rc3+ 66.Kf2 Kg4 67.Rd1 Rc2+ 68.Ke3 Re2+ 69.Kd4 f2 70.Rbb1 Bf6+ 71.Kc5 Bc3
72.Rf1 Be1 73.Rb3 Nh5 74.Rb8 Ng3 75.Rg8+ Kf3 76.Rf8+ Ke4 77.Re8+ Kd3 78.Rxe2 Kxe2
79.Rxf2+ Bxf2+ 80.Kc4 Kd2 81.Kd5 Kd3 82.Ke5 Be3 83.Kd5 Bd4 84.Kd6 Kc4 85.Kc6 Ne4
86.Kd7 Kd5 87.Kc7 Nd6 88.Kd7 Bf6 89.Kc7 Nc4 90.Kb7 Be5 91.Ka6 Kc6 92.Ka7 Bc7
93.Ka8 Bd6 94.Ka7 Nb6 95.Ka6 Nc8 96.Ka5 Bc5 97.Ka4 Nd6 98.Kb3 Kd5 99.Kc3 Ke4
100.Kb3 Kd3 101.Ka4 Bb6 102.Kb4 Kd4 103.Kb3 Ba5 104.Ka4 Bc3 105.Kb3 Kd3 106.Ka4 Kc4
107.Ka3 Nb5+ 108.Ka4 Nd4 109.Ka3 Kb5 110.Ka2 Kb4 111.Kb1 Bd2 112.Kb2 Bf4
113.Ka2 Bc1 114.Kb1 Ba3 115.Ka2 Ka4 116.Kb1 Kb3 117.Ka1 Nb5  0-1

[Event "Heraklio op"]
[Site "Heraklio"]
[Date "1993.??.??"]
[Round "8"]
[White "Miles, Anthony J"]
[Black "Arnason, Jon L"]
[Result "1-0"]
[WhiteElo "2565"]
[BlackElo "2530"]

1.d4 Nf6 2.Nf3 e6 3.c4 b6 4.Nc3 Bb4 5.Qb3 c5 6.a3 Bxc3+ 7.Qxc3 d6 8.e3 Bb7
9.Be2 O-O 10.O-O Ne4 11.Qd3 Nd7 12.Nd2 f5 13.f3 Ng5 14.b4 Qe7 15.Bb2 Rae8
16.Rad1 d5 17.Qc3 Rf6 18.dxc5 bxc5 19.f4 Nf7 20.Bh5 Rc8 21.Rf3 d4 22.exd4 Bxf3
23.Bxf3 cxb4 24.axb4 Nb6 25.Qb3 Qc7 26.d5 Qxf4 27.Bxf6 gxf6 28.dxe6 Ne5 29.Kh1 Qd4
30.Ne4 Qxc4 31.Nxf6+ Kg7 32.Qxc4 Nexc4 33.Nd7 Re8 34.Nc5 Kf6 35.Kg1 Re7 36.Rd8 Ke5
37.Bd1 Nd6 38.Bb3 Nb5 39.Rf8 Nd4 40.Rf7 Nc8 41.Bc4 Nc6 42.Bb5 Nd6 43.Bxc6 Nxf7
44.exf7 Rxf7 45.Na6 Rf6 46.Bb5 Kf4 47.Kf2 Rh6 48.h3 Rd6 49.Be2 Rd2 50.Nc5 Ra2
51.b5 Ra3 52.Ne6+ Ke5 53.Ng5 h6 54.Nf7+ Kf6 55.Nxh6 Rc3 56.g4 Rxh3 57.Nxf5 Kg5
58.Ne3 Kf4 59.Ng2+ Ke4 60.g5 Kf5 61.g6  1-0

[Event "London Lloyds"]
[Site "London"]
[Date "1993.??.??"]
[Round "1"]
[White "Sachs, Gulnar"]
[Black "Miles, Anthony J"]
[Result "1/2-1/2"]
[WhiteElo "2325"]
[BlackElo "2565"]

1.d4 Nf6 2.Nf3 c5 3.d5 b5 4.c4 Bb7 5.Qc2 Na6 6.a3 bxc4 7.e4 e6 8.Bxc4 exd5
9.exd5 Nc7 10.O-O Bxd5 11.Bxd5 Nfxd5 12.Re1+ Ne6 13.Bg5 Be7 14.Qf5 O-O 15.Qxd5 Bxg5
16.Nc3 Bf6 17.Rad1 Bxc3 18.bxc3 Qa5 19.Re3 Qxa3 20.Ne5 Rad8 21.h4 Qa4 22.h5 h6
23.Ree1 Rfe8 24.Ra1 Qc2 25.c4 Qf5 26.Nd3 Qf6 27.g3 d6 28.Rxa7 Qd4 29.Nf4 Qc3
30.Rb1 Ng5 31.Nd3 Qf6 32.Rbb7 Rb8 33.Rd7 Re6 34.Kg2 Rbe8 35.Nf4 Re5 36.Qxd6 Qf5
37.Qd3 Re4  1/2-1/2

[Event "London Lloyds"]
[Site "London"]
[Date "1993.??.??"]
[Round "2"]
[White "Miles, Anthony J"]
[Black "Wilson, Jonathan"]
[Result "1-0"]
[WhiteElo "2565"]
[BlackElo "2225"]

1.d4 f5 2.Nf3 Nf6 3.Bg5 e6 4.Nbd2 Be7 5.c3 b6 6.e3 Bb7 7.Bd3 Ne4 8.Bxe7 Qxe7
9.O-O O-O 10.Qc2 Ng5 11.Ne1 Nh3+ 12.Kh1 Qh4 13.Ndf3 Qh5 14.Be2 g5 15.Ne5 g4
16.f3 Nf2+ 17.Kg1 gxf3 18.Bxf3 Bxf3 19.N1xf3 Ne4 20.Nd2 Qe2 21.Nec4 Nxd2
22.Nxd2 Qxe3+ 23.Kh1 Nc6 24.Rae1 Qh6 25.Qd3 Ne7 26.Nc4 Ng6 27.d5 Rae8 28.dxe6 dxe6
29.Ne5 Qg7 30.Nc6 a5 31.Nd4 Qd7 32.Qc4 Qd5 33.Qxc7 Rf7 34.Qg3 f4 35.Qh3 e5
36.Nf5 Rff8 37.Rd1 Qe6 38.Rd7 Qxd7 39.Nh6+ Kg7 40.Qxd7+ Kxh6 41.Qh3+ Kg7
42.Qg4 e4 43.h4 Kh8 44.h5 Ne5 45.Qg5 f3 46.h6 Ng6 47.Qe3 Re5 48.Kg1 Nf4 49.Rxf3  1-0

[Event "London Lloyds"]
[Site "London"]
[Date "1993.??.??"]
[Round "5"]
[White "Obukhov, Alexander"]
[Black "Miles, Anthony J"]
[Result "1/2-1/2"]
[WhiteElo "2490"]
[BlackElo "2565"]

1.c4 d6 2.Nc3 e5 3.g3 f5 4.Bg2 c6 5.d4 Nf6 6.d5 g6 7.Nf3 Bg7 8.O-O O-O 9.e4 Na6
10.exf5 gxf5 11.Ng5 Qc7 12.c5 Nxc5 13.b4 Nce4 14.Ngxe4 Nxe4 15.Nxe4 fxe4
16.Bxe4 Bf5 17.Bxf5 Rxf5 18.Be3 a5  1/2-1/2

[Event "Muenster op"]
[Site "Muenster"]
[Date "1993.??.??"]
[Round "2"]
[White "Hacker, Christian"]
[Black "Miles, Anthony J"]
[Result "0-1"]
[WhiteElo "2220"]
[BlackElo "2565"]

1.d4 Nf6 2.c4 g6 3.Nc3 Bg7 4.e4 O-O 5.Be3 d6 6.f3 c5 7.dxc5 dxc5 8.e5 Nfd7
9.f4 f6 10.exf6 Rxf6 11.Be2 Qa5 12.Qd2 Rd6 13.Nd5 Qxd2+ 14.Bxd2 Nc6 15.O-O-O Nf6
16.Nf3 Nxd5 17.cxd5 Nb4 18.Bxb4 cxb4 19.Nd4 Bd7 20.Bf3 a5 21.Rhe1 Bf6 22.g4 Rc8+
23.Kb1 Rc4 24.Ne2 b3 25.axb3 Rb4 26.Rd3 a4 27.Rc1 axb3 28.Rc5 Kf8 29.Nc1 Rxf4
30.Rxb3 b6 31.Rc7 Bxg4 32.Bxg4 Rxg4 33.Rc6 Rxd5 34.Rbxb6 Rg1 35.Rc2 Kf7 36.b4 Rh1
37.Ka2 Rh5 38.b5 R1xh2 39.Rxh2 Rxh2+ 40.Kb3 Rb2+ 41.Ka4 h5 42.Nb3 h4 43.Rc6 h3
44.Rc1 h2  0-1

[Event "Muenster op"]
[Site "Muenster"]
[Date "1993.??.??"]
[Round "3"]
[White "Miles, Anthony J"]
[Black "Robovic, Saudin"]
[Result "1-0"]
[WhiteElo "2565"]
[BlackElo "2365"]

1.d4 Nf6 2.Nf3 d6 3.Nc3 Bf5 4.Bg5 Nbd7 5.Nh4 Bg6 6.Nxg6 hxg6 7.d5 c6 8.e4 Qa5
9.Qd2 Rc8 10.O-O-O Nc5 11.Kb1 b5 12.dxc6 b4 13.Bxf6 gxf6 14.Nd5 Nxe4 15.Qe2 f5
16.c7 Rxc7 17.f3 Rc5 18.fxe4 Rh4 19.g4 fxg4 20.Bg2 Bg7 21.Qd2 Rh5 22.Nxe7 Kxe7
23.Qxd6+ Ke8 24.Qd7+ Kf8 25.Rhf1 f5 26.exf5 Rhxf5 27.Be4 Rc7 28.Qd8+ Kf7
29.Bxf5  1-0

[Event "Muenster op"]
[Site "Muenster"]
[Date "1993.??.??"]
[Round "5"]
[White "Miles, Anthony J"]
[Black "Libeau, Rene"]
[Result "1/2-1/2"]
[WhiteElo "2565"]
[BlackElo "2425"]

1.d4 Nf6 2.Nf3 e6 3.c4 Bb4+ 4.Bd2 Qe7 5.Nc3 Bxc3 6.Bxc3 Ne4 7.Rc1 O-O 8.g3 Nc6
9.Bg2 d6 10.O-O Nxc3 11.Rxc3 e5 12.d5 Nb8 13.b4 Bg4 14.Nd2 a5 15.Ra3 Na6
16.bxa5 Ra7 17.Nb3 Rfa8 18.Qc2 Nc5 19.Nxc5 dxc5 20.Rb1 Bc8 21.Rb5 Qd6 22.Qb2 f6
23.Be4 g6 24.h4 b6 25.h5 Kg7 26.hxg6 hxg6 27.Bb1 Bd7 28.Qc2 Bf5 29.Qc1 Bd7
30.Rbb3 Rxa5 31.Rxa5 Rxa5 32.g4 Bxg4 33.Rg3 Bh5 34.Qf1 Ra8 35.Qg2 f5 36.Bxf5 Rxa2
37.Qh3 Ra1+ 38.Kh2 e4 39.Qh4 Ra2 40.Bxe4 Rxe2 41.Kg2 Qf6 42.Qxf6+ Kxf6 43.Bd3 Rd2
44.Re3 Bg4 45.Kg3 Bf5 46.Bf1 Rd1 47.Kg2 Rd4 48.f3 Bd7 49.Kg3 g5 50.Be2 Rh4
51.Bf1 Rh1 52.Kg2 Rh8 53.Kg3 Re8 54.Ra3 Ke5 55.Ra7 Kd6 56.Ra1 Re3 57.Kf2 Rc3
58.Be2 Ke5 59.Ra7 Kd6 60.Ra8 c6 61.dxc6 Kxc6 62.Rg8 Be6 63.Rg6  1/2-1/2

[Event "Muenster op"]
[Site "Muenster"]
[Date "1993.??.??"]
[Round "6"]
[White "Straeter, Timo"]
[Black "Miles, Anthony J"]
[Result "0-1"]
[WhiteElo "2355"]
[BlackElo "2565"]

1.d4 Nf6 2.Nf3 c5 3.c3 e6 4.e3 d5 5.Bd3 Nbd7 6.O-O b6 7.Nbd2 Bb7 8.Ne5 g6
9.f4 Bg7 10.a4 O-O 11.b4 c4 12.Bc2 a6 13.b5 axb5 14.Ba3 b4 15.Bxb4 Re8 16.Qf3 Ra7
17.g4 Qa8 18.g5 Ne4 19.Nxd7 Nxd2 20.Qh3 Nxf1 21.Nf6+ Bxf6 22.gxf6 Qd8 23.Rxf1 Qxf6
24.Kh1 Bc6 25.a5 bxa5 26.Bd6 Qd8 27.Bc5 Rb7  0-1

[Event "Muenster op"]
[Site "Muenster"]
[Date "1993.??.??"]
[Round "7"]
[White "Miles, Anthony J"]
[Black "Arakhamia, Ketevan"]
[Result "1-0"]
[WhiteElo "2565"]
[BlackElo "2445"]

1.d4 Nf6 2.Nf3 d5 3.c4 c6 4.e3 e6 5.Nbd2 Nbd7 6.b3 Bd6 7.Bb2 O-O 8.Bd3 b6
9.O-O Bb7 10.Ne5 Re8 11.Qf3 Qe7 12.Rad1 Nf8 13.Qh3 c5 14.cxd5 exd5 15.Bb5 Rec8
16.Ndf3 Ne4 17.Nh4 cxd4 18.Nef3 g6 19.Nxd4 Ng5 20.Qg4 h5 21.Qe2 Nh3+ 22.gxh3 Qxh4
23.f4 a6 24.Bd3 Nd7 25.Qg2 Qf6 26.Nf5 Qe6 27.Qg5 d4 28.Bxd4 Bc5 29.Bb1 Bxd4
30.Rxd4 Rc5 31.Qe7 gxf5 32.Qxe6 fxe6 33.Rxd7 Bd5 34.Kf2 Kh8 35.Rg1 Rg8 36.Rxg8+ Kxg8
37.Kg3 Kf8 38.Rd6 Rc1 39.Bd3 Rc3 40.Bxa6 Rxe3+ 41.Kh4 Rf3 42.Kg5 Ke7 43.Rxb6 Rxh3
44.Bb7 Bxb7 45.Rxb7+ Kd6 46.Kf6 Rxh2 47.Rb6+ Kd5 48.Rxe6 Rxa2 49.Kxf5 h4
50.Re3 Rg2 51.Rd3+ Kc5 52.Rh3 Rg3 53.b4+ Kxb4 54.Rxh4 Kc5 55.Kf6 Kd5 56.f5 Rf3
57.Ra4 Rf1 58.Ra5+ Kd6 59.Kf7  1-0

[Event "Ostend op"]
[Site "Ostend"]
[Date "1993.??.??"]
[Round "1"]
[White "Rogiers, L."]
[Black "Miles, Anthony J"]
[Result "0-1"]
[WhiteElo "2085"]
[BlackElo "2565"]

1.Nc3 c5 2.Nf3 Nc6 3.d4 cxd4 4.Nxd4 g6 5.Bf4 Bg7 6.e3 Nf6 7.Be2 d6 8.g4 O-O
9.h4 Qb6 10.Nb3 Be6 11.g5 Nh5 12.Bxh5 gxh5 13.Qxh5 a5 14.Rb1 a4 15.Nd2 a3
16.bxa3 Qc5 17.Ne2 Qxc2 18.e4 Rxa3 19.O-O Ne5 20.Nd4 Qxa2 21.Nxe6 Qxe6 22.Rxb7 Ng6
23.Bg3 Be5 24.Kh2 Nf4  0-1

[Event "Ostend op"]
[Site "Ostend"]
[Date "1993.??.??"]
[Round "2"]
[White "Miles, Anthony J"]
[Black "Tonoli, Jose"]
[Result "1-0"]
[WhiteElo "2565"]
[BlackElo "2245"]

1.d4 Nf6 2.Nf3 d5 3.c4 c6 4.Qc2 g6 5.Bf4 Bg7 6.e3 O-O 7.Nc3 a6 8.Rc1 Nbd7
9.cxd5 cxd5 10.Be2 h6 11.O-O b5 12.a4 b4 13.Nb1 Qb6 14.Bc7 Qb7 15.Qb3 Ne8
16.Ba5 Rb8 17.Nbd2 Bf6 18.Rc2 e6 19.Rfc1 Be7 20.Ne5 Nxe5 21.dxe5 Qa8 22.Nf3 Ng7
23.Nd4 Bd7 24.Nc6 Bxc6 25.Rxc6 Rfc8 26.Qc2 Rxc6 27.Qxc6 Qxc6 28.Rxc6 b3 29.Bxa6 Ba3
30.Bc3 Bb4 31.Bb5 Bf8 32.g4 h5 33.h3 hxg4 34.hxg4 g5 35.Be2 Bb4 36.Bxb4 Rxb4
37.Rc8+  1-0

[Event "Ostend op"]
[Site "Ostend"]
[Date "1993.??.??"]
[Round "3"]
[White "Manouck, Thierry"]
[Black "Miles, Anthony J"]
[Result "0-1"]
[WhiteElo "2305"]
[BlackElo "2565"]

1.c4 b6 2.Nf3 Bb7 3.e3 Nf6 4.b3 g6 5.Bb2 Bg7 6.g3 g5 7.h3 d6 8.Bg2 h5 9.d3 g4
10.hxg4 hxg4 11.Rxh8+ Bxh8 12.Nh4 Bxg2 13.Nxg2 Nc6 14.Qe2 Qd7 15.e4 O-O-O
16.Nd2 Nh7 17.O-O-O Bxb2+ 18.Kxb2 Qe6 19.Ne3 Nf6 20.Rh1 Qe5+ 21.Kb1 Rg8 22.Rh4 Qc3
23.Nd1 Qa5 24.Nf1 Nd4 25.Qd2 Qe5 26.Qb2 Nf3 27.Rh1 Nd7 28.Nfe3 e6 29.Qxe5 Ndxe5
30.Kc2 c5 31.Kc3 Kd7 32.Nc2 Ke7 33.Nde3 Nc6 34.Ne1 Nfe5 35.N1c2 Rg6 36.Kd2 Nf3+
37.Ke2 Rg8 38.Rh5 a6 39.Rh6 b5 40.Rh7 b4 41.Nd1 a5 42.Nb2 Ncd4+ 43.Nxd4 Nxd4+
44.Ke3 Rg6 45.Rh8 Rf6 46.Nd1 Rg6 47.Kd2 Nf3+ 48.Ke2 Ne5 49.Ne3 Rg7 50.Nc2 Nc6
51.Rc8 Kd7 52.Rh8 Rg6 53.Rf8 Rg7 54.Rh8 Kc7 55.Ke3 Rg6 56.Rh7 Rf6 57.Ke2 Ne5
58.d4 Nf3 59.dxc5 dxc5 60.Rh5 Kd6 61.Ne3 Rg6 62.Ng2 Rg8 63.Nf4 a4 64.bxa4 Ne5
65.Nd3 Nxd3 66.Kxd3 Ra8 67.e5+ Ke7 68.a3 bxa3 69.Rh1 Rxa4 70.Ra1 a2 71.Kc3 Ra3+
72.Kb2 Rf3 73.Rf1 f6 74.exf6+ Kxf6 75.Kxa2 e5 76.Kb1 Kf5 77.Kc2 e4 78.Rh1 Rxf2+
79.Kd1 Ke5 80.Rh5+ Kd4 81.Rg5 Rg2 82.Rxg4 Kd3 83.Ke1 e3 84.Kf1 Rc2 85.Rg8 Rc1+
86.Kg2 e2 87.Rd8+ Kxc4  0-1

[Event "Ostend op"]
[Site "Ostend"]
[Date "1993.??.??"]
[Round "5"]
[White "Heinbuch, Detlef"]
[Black "Miles, Anthony J"]
[Result "0-1"]
[WhiteElo "2365"]
[BlackElo "2565"]

1.c4 e6 2.Nc3 Bb4 3.e4 Ne7 4.a3 Bxc3 5.dxc3 d6 6.g3 Nbc6 7.Bg2 O-O 8.Nf3 e5
9.O-O Be6 10.b3 Qc8 11.Nd2 Bh3 12.f3 Bxg2 13.Kxg2 f5 14.exf5 Qxf5 15.Ne4 h6
16.Ra2 Rf7 17.Raf2 Raf8 18.Qe2 Ng6 19.Rd1 Qe6 20.Qd3 Nce7 21.a4 b6 22.Rdf1 Kh8
23.Be3 Nf5 24.Bc1 Qc8 25.Kg1 Nfe7 26.Kg2 Rf5 27.Be3 Nc6 28.Bc1 Nd8 29.Qc2 Ne6
30.Kg1 Ne7 31.Kg2 R5f7 32.Kg1 Ng8 33.Kg2 Nf6 34.Kg1 Nxe4 35.fxe4 Rxf2 36.Rxf2 Nc5
37.Be3 Rxf2 38.Bxf2 Nd7 39.Kg2 Nf6 40.Qe2 Qe8 41.g4 Qg6 42.Bh4 Nxg4 43.Kh3 Nf6
44.Bxf6 Qxf6 45.b4 a5 46.c5 dxc5 47.bxa5 bxa5 48.Kg2 Qg5+ 49.Kf2 Qf4+ 50.Kg2 Kh7
51.Qc4 Qe3 52.h3 h5 53.h4 c6  0-1

[Event "Ostend op"]
[Site "Ostend"]
[Date "1993.??.??"]
[Round "7"]
[White "Rechlis, Gad"]
[Black "Miles, Anthony J"]
[Result "1/2-1/2"]
[WhiteElo "2510"]
[BlackElo "2565"]

1.d4 Nf6 2.c4 g6 3.Nf3 Bg7 4.g3 d5 5.cxd5 Nxd5 6.Bg2 Nb6 7.O-O Nc6 8.e3 e5
9.Nc3 exd4 10.exd4 O-O 11.Bg5 Bf6 12.d5 Bxg5 13.Nxg5 Qxg5 14.dxc6 bxc6 15.Bxc6 Bh3
16.Re1 Rad8 17.Qc1 Qxc1 18.Raxc1 Rd2 19.b3 Rfd8 20.a4 Be6 21.a5 Nd5 22.Ne4 Rd4
23.Ng5 Rd6 24.Ne4 Rd8 25.Ng5 Rd6 26.Nxe6 fxe6 27.Bxd5 R4xd5 28.Rxc7 Rxa5
29.Rec1 Rad5 30.Rxa7 Rd7 31.Rxd7 Rxd7 32.b4 Rb7 33.Rb1 Rb5 34.Kf1 Kf7 35.Ke2 Ke7
36.Kd3 Kd6 37.Kc4 Rf5 38.f4 g5 39.b5 gxf4 40.b6 Rf8 41.b7 Kc7 42.Kd4  1/2-1/2